| 000 | 00446nam a22001577a 4500 | ||
|---|---|---|---|
| 020 | _qHBK. | ||
| 082 | _a658 | ||
| 100 | _aGilani, Usama | ||
| 245 |
_aOnline Impulse Buying in Pakistan _cUsama Gilani. |
||
| 260 |
_aIslamabad : _bNBS - NUST, _c2017. |
||
| 300 |
_aVarious p. : ill. ; _c30cm. |
||
| 650 |
_aMBA Thesis. _917629 |
||
| 700 |
_aMs Fatima Zaheer. _918199 |
||
| 942 |
_2ddc _cTHE |
||
| 999 |
_c527145 _d527145 |
||